000 00410nam a2200157 4500
008 190208s2015||||xo d
100 1 _aHolecko Miroslav
_9887
245 1 0 _aRok Ludovíta Štúra a osveta
250 _a1. vydanie
260 _bNárodné osvetové centrum
_aBratislava
_c2015
300 _a122 s.
020 _a978-80-7121-349-9
_c0
041 1 _aslo
044 _axo
_cSK
958 _aAPR
999 _c22132
_d22132